LIBRARY & INFORMATION CENTRE, KCAET, TAVANUR

ONLINE PUBLIC ACCESS CATALOGUE (OPAC)

IBPS-SO for agricultural field officer (Record no. 17683)

MARC details
000 -LEADER
fixed length control field 00407nam a22001697a 4500
003 - CONTROL NUMBER IDENTIFIER
control field OSt
008 - FIXED-LENGTH DATA ELEMENTS--GENERAL INFORMATION
fixed length control field 230509b |||||||| |||| 00| 0 eng d
041 ## - LANGUAGE CODE
Language code of text/sound track or separate title eng
082 ## - DEWEY DECIMAL CLASSIFICATION NUMBER
Classification number 630.162
Item number ELA/IB
100 ## - MAIN ENTRY--AUTHOR NAME
Personal name Elangovan,A
100 ## - MAIN ENTRY--AUTHOR NAME
Personal name Mhalakshmi, M
245 ## - TITLE STATEMENT
Title IBPS-SO for agricultural field officer
260 ## - PUBLICATION, DISTRIBUTION, ETC. (IMPRINT)
Place of publication New delhi
Year of publication 2020
300 ## - PHYSICAL DESCRIPTION
Number of Pages 420
942 ## - ADDED ENTRY ELEMENTS (KOHA)
Koha item type Books
250 ## - EDITION STATEMENT
-- 4th
260 ## - PUBLICATION, DISTRIBUTION, ETC. (IMPRINT)
-- jain brothers
Holdings
Withdrawn status Lost status Damaged status Collection code Home library Current library Shelving location Date acquired Source of acquisition Cost, normal purchase price Full call number Accession Number Koha item type
      General Books KAUAET KAUAET General Stacks 31/03/2023 EEDEEYOU, Manjeri 295.00 630.162 ELA/IB 26182 Books
      General Books KAUAET KAUAET General Stacks 31/03/2023 EEDEEYOU, Manjeri 295.00 630.162 ELA/IB BB 660 Book Bank scheme for SC students
free website counter